| 000 -LEADER |
| fixed length control field |
02631cam a22003497a 4500 |
| 001 - CONTROL NUMBER |
| control field |
17685362 |
| 005 - DATE AND TIME OF LATEST TRANSACTION |
| control field |
20221229192334.0 |
| 008 - FIXED-LENGTH DATA ELEMENTS--GENERAL INFORMATION |
| fixed length control field |
130404s2012 enka b 001 0 eng d |
| 010 ## - LIBRARY OF CONGRESS CONTROL NUMBER |
| LC control number |
2012285113 |
| 016 7# - NATIONAL BIBLIOGRAPHIC AGENCY CONTROL NUMBER |
| Record control number |
016091441 |
| Source |
Uk |
| 020 ## - INTERNATIONAL STANDARD BOOK NUMBER |
| International Standard Book Number |
9781847887436 |
| 020 ## - INTERNATIONAL STANDARD BOOK NUMBER |
| International Standard Book Number |
1847887430 |
| 020 ## - INTERNATIONAL STANDARD BOOK NUMBER |
| International Standard Book Number |
1847887422 |
| 020 ## - INTERNATIONAL STANDARD BOOK NUMBER |
| International Standard Book Number |
9781847887429 |
| 035 ## - SYSTEM CONTROL NUMBER |
| System control number |
(OCoLC)ocn794035959 |
| 040 ## - CATALOGING SOURCE |
| Original cataloging agency |
ERASA |
| Language of cataloging |
eng |
| Transcribing agency |
ERASA |
| Modifying agency |
UKMGB |
| -- |
YDXCP |
| -- |
YNK |
| -- |
CDX |
| -- |
NDD |
| -- |
COD |
| -- |
BWX |
| -- |
YBM |
| -- |
BDX |
| -- |
DLC |
| 042 ## - AUTHENTICATION CODE |
| Authentication code |
lccopycat |
| 050 00 - LIBRARY OF CONGRESS CALL NUMBER |
| Classification number |
NK1505 |
| Item number |
.H34 2012 |
| 082 04 - DEWEY DECIMAL CLASSIFICATION NUMBER |
| Classification number |
745.4 |
| 100 1# - MAIN ENTRY--PERSONAL NAME |
| Personal name |
Hann, M. A. |
| 245 10 - TITLE STATEMENT |
| Title |
Structure and form in design : |
| Remainder of title |
critical ideas for creative practice / |
| Statement of responsibility, etc. |
Michael Hann. |
| 260 ## - PUBLICATION, DISTRIBUTION, ETC. |
| Place of publication, distribution, etc. |
London ; |
| -- |
New York : |
| Name of publisher, distributor, etc. |
Berg, |
| Date of publication, distribution, etc. |
2012. |
| 300 ## - PHYSICAL DESCRIPTION |
| Extent |
xx, 180 p. : |
| Other physical details |
ill. (some col.) ; |
| Dimensions |
25 cm. |
| 504 ## - BIBLIOGRAPHY, ETC. NOTE |
| Bibliography, etc. note |
Includes bibliographical references (p. [171]-176) and index. |
| 505 0# - FORMATTED CONTENTS NOTE |
| Formatted contents note |
Introduction -- The fundamentals and their role in design -- Underneath it all -- Tiling the plane without gap or overlap -- Symmetry, patterns and fractals -- The stepping stone of Fibonacci and the harmony of a line divided -- Polyhedra, spheres and domes -- Structures and form in three dimensions -- Variations on a theme: modularity, closest packing and partitioning -- Structural analysis in the decorative arts, design and architecture -- A designer's framework. |
| 520 8# - SUMMARY, ETC. |
| Summary, etc. |
This book provides a critical examination of structure and form in design, covering a range of topics of great value to students and practitioners engaged in any of the specialist decorative arts and design disciplines. The complexities of two-dimensional phenomena are explained and illustrated in detail, while various three-dimensional forms are also discussed. In the context of the decorative arts and design, structure is the underlying framework, and form the resultant, visible, two- or three-dimensional outcome of the creative process. Whether hidden or visually detectable in the final design, structure invariably determines whether or not a design is successful in terms of both its aesthetics and its practical performance. Hann successfully identifies various geometric concepts, and presents and discusses a number of simple guidelines to assist the creative endeavours of both accomplished and student practitioners, teachers and researchers. |
| 650 #0 - SUBJECT ADDED ENTRY--TOPICAL TERM |
| Topical term or geographic name entry element |
Design |
| General subdivision |
Methodology. |
| 650 #0 - SUBJECT ADDED ENTRY--TOPICAL TERM |
| Topical term or geographic name entry element |
Design |
| General subdivision |
Philosophy. |
| 906 ## - LOCAL DATA ELEMENT F, LDF (RLIN) |
| a |
7 |
| b |
cbc |
| c |
copycat |
| d |
2 |
| e |
ncip |
| f |
20 |
| g |
y-gencatlg |
| 925 0# - |
| -- |
acquire |
| -- |
2 shelf copies |
| -- |
policy default |